000 00632nam a2200277Ia 4500
005 20260324135229.0
008 008 260324s9999 xx 000 0 eng d
020 _a9780203135587
037 _aEBOOK
040 _aCRL
040 _beng
040 _cCRL
041 _2eng
041 _aeng
084 _qCRL
100 _aNick Barwick
_91199818
245 0 _aClinical Counselling in Schools
260 _bTaylor and Francis
260 _c2000
365 _a
365 _b150
856 _uhttp://www.taylorfrancis.com/books/9780203135587
942 _cEBOOK
999 _c1800678
_d1800678